000 00282nam a2200109Ia 4500
008 200302s9999 xx 000 0 und d
100 _aYan Li and Shuxia Ren and Other
245 _aBuilding Decorative Materials
260 _bWoodhead Publishing Ltd.
260 _c2011
300 _a401
999 _c3723
_d3723